000 00317nam a2200109Ia 4500
008 171204s9999 xx 000 0 und d
245 _aContemporary Advertising Loose Leaf:
245 _cWilliam Arens
260 _c2016
650 _xADVERTISING PRINCIPLES
856 _uhttp://down.ebook777.com/033/978-1259548154.pdf
999 _c346027
_d346027